<?xml version="1.0" encoding="UTF-8"?><?xml-stylesheet type="text/xsl" href="static/style.xsl"?><OAI-PMH xmlns="http://www.openarchives.org/OAI/2.0/" xmlns:xsi="http://www.w3.org/2001/XMLSchema-instance" xsi:schemaLocation="http://www.openarchives.org/OAI/2.0/ http://www.openarchives.org/OAI/2.0/OAI-PMH.xsd"><responseDate>2026-04-29T04:09:00Z</responseDate><request verb="GetRecord" identifier="oai:repisalud.isciii.es:20.500.12105/7977" metadataPrefix="marc">https://repisalud.isciii.es/rest/oai/request</request><GetRecord><record><header><identifier>oai:repisalud.isciii.es:20.500.12105/7977</identifier><datestamp>2025-06-12T15:09:20Z</datestamp><setSpec>com_20.500.12105_2052</setSpec><setSpec>com_20.500.12105_2051</setSpec><setSpec>col_20.500.12105_19608</setSpec><setSpec>col_20.500.12105_19611</setSpec></header><metadata><record xmlns="http://www.loc.gov/MARC21/slim" xmlns:dcterms="http://purl.org/dc/terms/" xmlns:doc="http://www.lyncode.com/xoai" xmlns:xsi="http://www.w3.org/2001/XMLSchema-instance" xsi:schemaLocation="http://www.loc.gov/MARC21/slim http://www.loc.gov/standards/marcxml/schema/MARC21slim.xsd">
   <leader>00925njm 22002777a 4500</leader>
   <datafield ind2=" " ind1=" " tag="042">
      <subfield code="a">dc</subfield>
   </datafield>
   <datafield ind2=" " ind1=" " tag="720">
      <subfield code="a">Herrador, Zaida</subfield>
      <subfield code="e">author</subfield>
   </datafield>
   <datafield ind2=" " ind1=" " tag="720">
      <subfield code="a">Fernandez Martinez, Beatriz</subfield>
      <subfield code="e">author</subfield>
   </datafield>
   <datafield ind2=" " ind1=" " tag="720">
      <subfield code="a">Quesada-Cubo, Víctor</subfield>
      <subfield code="e">author</subfield>
   </datafield>
   <datafield ind2=" " ind1=" " tag="720">
      <subfield code="a">Diaz Garcia, Maria Oliva</subfield>
      <subfield code="e">author</subfield>
   </datafield>
   <datafield ind2=" " ind1=" " tag="720">
      <subfield code="a">Cano-Portero, Rosa</subfield>
      <subfield code="e">author</subfield>
   </datafield>
   <datafield ind2=" " ind1=" " tag="720">
      <subfield code="a">Benito, Agustin</subfield>
      <subfield code="e">author</subfield>
   </datafield>
   <datafield ind2=" " ind1=" " tag="720">
      <subfield code="a">Gomez-Barroso, Diana</subfield>
      <subfield code="e">author</subfield>
   </datafield>
   <datafield ind2=" " ind1=" " tag="260">
      <subfield code="c">2019-07-10</subfield>
   </datafield>
   <datafield ind2=" " ind1=" " tag="520">
      <subfield code="a">BACKGROUND: Malaria was eliminated in Spain in 1964. Since then, more than 10,000 cases of malaria have been reported, mostly in travellers and migrants, making it the most frequently imported disease into this country. In order to improve knowledge on imported malaria cases characteristics, the two main malaria data sources were assessed: the national surveillance system and the hospital discharge database (CMBD). METHODS: Observational study using prospectively gathered surveillance data and CMBD records between 2002 and 2015. The average number of hospitalizations per year was calculated to assess temporal patterns. Socio-demographic, clinical and travel background information were analysed. Bivariate and multivariable statistical methods were employed to evaluate hospitalization risk, fatal outcome, continent of infection and chemoprophylaxis failure and their association with different factors. RESULTS: A total of 9513 malaria hospital discharges and 7421 reported malaria cases were identified. The number of reported cases was below the number of hospitalizations during the whole study period, with a steady increase trend in both databases since 2008. Males aged 25-44 were the most represented in both data sources. Most frequent related co-diagnoses were anaemia (20.2%) and thrombocytopaenia (15.4%). The risks of fatal outcome increased with age and were associated with the parasite species (Plasmodium falciparum). The main place of infection was Africa (88.9%), particularly Equatorial Guinea (33.2%). Most reported cases were visiting friends and relatives (VFRs) and immigrants (70.2%). A significant increased likelihood of hospitalization was observed for children under 10 years (aOR:2.7; 95% CI 1.9-3.9), those infected by Plasmodium vivax (4.3; 95% CI 2.1-8.7) and travellers VFRs (1.4; 95% CI 1.1-1.7). Only 4% of cases reported a correct regime of chemoprophylaxis. Being male, over 15 years, VFRs, migrant and born in an endemic country were associated to increased risk of failure in preventive chemotherapy. CONCLUSIONS: The joint analysis of two data sources allowed for better characterization of imported malaria profile in Spain. Despite the availability of highly effective preventive measures, the preventable burden from malaria is high in Spain. Pre-travel advice and appropriately delivered preventive messages needs to be improved, particularly in migrants and VFRs.</subfield>
   </datafield>
   <datafield ind1="8" ind2=" " tag="024">
      <subfield code="a">Malar J. 2019 Jul 10;18(1):230.</subfield>
   </datafield>
   <datafield ind1="8" ind2=" " tag="024">
      <subfield code="a">1475-2875</subfield>
   </datafield>
   <datafield ind1="8" ind2=" " tag="024">
      <subfield code="a">http://hdl.handle.net/20.500.12105/7977</subfield>
   </datafield>
   <datafield ind1="8" ind2=" " tag="024">
      <subfield code="a">31291951</subfield>
   </datafield>
   <datafield ind1="8" ind2=" " tag="024">
      <subfield code="a">10.1186/s12936-019-2863-2</subfield>
   </datafield>
   <datafield ind1="8" ind2=" " tag="024">
      <subfield code="a">1475-2875</subfield>
   </datafield>
   <datafield ind1="8" ind2=" " tag="024">
      <subfield code="a">Malaria journal</subfield>
   </datafield>
   <datafield tag="653" ind2=" " ind1=" ">
      <subfield code="a">Imported malaria</subfield>
   </datafield>
   <datafield tag="653" ind2=" " ind1=" ">
      <subfield code="a">Malaria</subfield>
   </datafield>
   <datafield tag="653" ind2=" " ind1=" ">
      <subfield code="a">Malaria chemoprophylaxis</subfield>
   </datafield>
   <datafield tag="653" ind2=" " ind1=" ">
      <subfield code="a">Non-endemic areas</subfield>
   </datafield>
   <datafield tag="653" ind2=" " ind1=" ">
      <subfield code="a">Spain</subfield>
   </datafield>
   <datafield ind2="0" ind1="0" tag="245">
      <subfield code="a">Imported cases of malaria in Spain: observational study using nationally reported statistics and surveillance data, 2002-2015</subfield>
   </datafield>
</record></metadata></record></GetRecord></OAI-PMH>